中国前十面积湖泊 - Statistics

General Stats
  • This quiz has been taken 1 137 times
  • The average score is 7 of 10
Answer Stats
Hint Answer % Correct
4340 青海湖
99%
4040 洞庭湖
94%
2428 太湖
94%
3583 鄱阳湖
92%
1961.5 纳木错
73%
1576.9 洪泽湖
65%
1097 微山湖
62%
4190/1080 兴凯湖
60%
2339 呼伦湖
52%
1628 色林错
35%
No matching quizzes found
Score Distribution
Percent of People with Each Score
Percentile by Number Answered
Your Score History
You have not taken this quiz